000 00616nam a2200229Ia 4500
003 OSt
005 20221007074818.0
006 a|||||r|||| 00| 0
007 ta
008 221006b |||||||| |||| 00| 0 eng d
024 _a18,005
037 _cTextual
040 _aFLL
_cFLL
_beng
041 _2eng
_aeng
082 _aY5927.2.N7, L9
100 _aMalik Suneila
245 0 _aSocial integration of scheduled castes
260 _aNew Delhi
_bAbhinav Publications India
_c1979
300 _a190p
_ccm.
942 _hY5927.2.N7, L9
_cTEXL
_2CC
999 _c1153762
_d1153762